[Event "Olympiad-31"]
[Site "Moscow"]
[Date "1994.12.14"]
[Round "13.1"]
[White "Kasparov, Garry"]
[Black "Short, Nigel D"]
[Result "1-0"]
[WhiteElo "2805"]
[BlackElo "2655"]
[Annotator "Speelman,J"]
[PlyCount "83"]
[EventDate "1994.12.01"]
[EventType "team-swiss"]
[EventRounds "14"]
[EventCountry "RUS"]
[SourceTitle "CBM 045"]
[Source "ChessBase"]
[SourceDate "1995.04.01"]
[SourceVersion "1"]
[SourceVersionDate "1995.04.01"]
[SourceQuality "1"]
[WhiteTeam "Russia"]
[BlackTeam "England"]
[WhiteTeamCountry "RUS"]
[BlackTeamCountry "ENG"]

1. e4 {Boensch Ftacnik} c5 2. Nf3 d6 3. d4 cxd4 4. Nxd4 Nf6 5. Nc3 a6 {After
only managing to defeat the Najdorf one in 9 games as White during the London
World Championship match, Nigel Short decides to test the merits of Black's
structure for himself.} 6. Be2 $1 {Played after ten minutes thought. Kasparov
invites Short to enter the main line with 6...e5 knowing full well that the
Englishman had a bad experience with this sort of structure in the thirs game
of his match against Gata Kamsky in Linares this year.} e6 7. f4 {The first
psychological blow has worked out in Kasparov's favour. Short is now in
Kasparov's favourite territory, the Scheveningen variation of the Sicilian.}
Be7 8. O-O Qc7 9. Qe1 (9. g4 Nc6 10. g5 Nd7 11. Be3 O-O 12. f5 Nxd4 13. Qxd4
Rd8 14. a4 Ne5 15. f6 Bf8 16. Qb6 $16 {Ivanchuk,V-Hellers,F (1) Tilburg (2)
1993 1-0 45}) (9. Kh1 b5 10. Bf3 Bb7 11. e5 dxe5 12. fxe5 Nfd7 13. Bxb7 Qxb7
14. Qg4 Nc6 15. Nxc6 Qxc6 16. a4 $16 {Sokolov,A-Jacques,R St Martin op (05)
1992 1-0 26}) 9... Nbd7 (9... Nc6 10. Be3 Bd7 11. Qg3 h5 12. Rad1 g6 13. Nxc6
Bxc6 14. Bd4 h4 15. Qe3 Rh7 16. a4 $16 {Gavrikov,V-Summermatter,D SWZ-GP Suhr 
(4) 1991 1-0 34}) (9... O-O {Boensch} 10. Kh1 b5 11. Bf3 Bb7 12. e5 Ne8 13. f5
dxe5 14. fxe6 Bxf3 15. exf7+ Rxf7 16. Nxf3 Nd7 17. Bg5 Nef6 18. Rd1 Raf8 $10 {
Damjanovic,V-Poluljahov,A Belgrade Beopromet (08) 1993}) 10. Bf3 (10. a4 b6 11.
Bf3 Bb7 12. Kh1 Rd8 $1 13. Be3 (13. e5 {Boensch} dxe5 14. fxe5 Nxe5 15. Bxb7
Rxd4 $13) 13... O-O 14. Qg3 Nc5 15. f5 e5 16. Bh6 Ne8 17. Nb3 Nd7 $1 18. Rad1
Kh8 19. Be3 Nef6 20. Qf2 Rfe8 21. Rfe1 Bf8 22. Bg5 h6 23. Bh4 Rc8 $15 {Polgar,
J-Kasparov,G Linares 1994.}) 10... O-O 11. Kh1 Kh8 (11... Re8 {Ftacnik} 12. g4
Nf8 13. g5 N6d7 14. Be3 Nb6 15. Rd1 Nc4 16. Bc1 Bd7 17. Qf2 Rac8 18. f5 Ne5 19.
f6 gxf6 20. gxf6 Bxf6 21. Rg1+ Nfg6 22. Be2 {Boleslavsky,I-Kan,I/Moscow-ch/
1942/1-0 (51)}) (11... Rd8 {Ftacnik} 12. b3 Nf8 13. Bb2 Ng6 14. Nce2 e5 15. Nf5
Bf8 16. c4 b5 17. Rc1 Bb7 18. cxb5 Qb6 19. bxa6 Bxa6 20. fxe5 dxe5 21. Bc3 Bd3
22. Rd1 {Unzicker,W-Gligoric,S/Oberhausen EUchT (6)/1961/1-0 (39)}) (11... Rb8
{Boensch} 12. a4 b6 $14) 12. a4 (12. g4 {Ftacnik} Ng8 13. Bg2 b5 14. Rf3 b4 15.
Nce2 Ndf6 16. g5 Nxe4 17. Rh3 Bb7 18. Be3 Qd7 19. Qh4 h6 20. Rg1 e5 21. fxe5
Nxg5 22. e6 {Eisinger,M-Milic,B/Oberhausen EUchT (6)/1961/0-1 (40)}) 12... Rb8
13. g4 $1 {And now the problem with Black's setup is clearly seen. The knight
on d7 is better placed on c6 as the knight f6 needs to retreat to d7 after
this thematic push.} b6 14. g5 (14. e5 {Ftacnik} dxe5 15. Nc6 Bd6 16. g5 Ne8
17. Nxb8 Qxb8 $44) 14... Ne8 15. Bg2 Bb7 16. b3 Qd8 (16... g6 {Ftacnik} 17. Bb2
Ng7) 17. h4 {After 17.Bb2, the sacrifice on g5 is not really possible but
prevention of the idea is good anyway as Black has a very passive position
anyway.} (17. Bb2 {Ftacnik} e5 $1 18. Nf5 exf4 (18... exf4 {Boensch} 19. h4 f6
$10)) 17... g6 18. Bb2 Ng7 19. Rd1 Rc8 20. f5 $1 e5 (20... gxf5 {Ftacnik} 21.
exf5 Bxg2+ 22. Kxg2 exf5 23. Nd5 $16) (20... exf5 {Boensch} 21. exf5 Bxg2+ 22.
Kxg2 f6 (22... Re8 23. Qf2 Bf8 24. Nd5 $16) 23. Nd5 $1 Ne5 24. c4 fxg5 25. Ne6
Nxe6 26. Bxe5+ dxe5 27. Qxe5+ Bf6 28. Qxe6 $16) 21. f6 (21. Nde2 f6 $1 (21...
gxf5 {Boensch} 22. exf5 Bxg2+ 23. Kxg2 f6 24. Ng3 fxg5 25. hxg5 Bxg5 26. Rxd6
$13)) 21... exd4 (21... Nxf6 {Ftacnik} 22. gxf6 Bxf6 23. Nf3 $18) 22. fxe7 Qxe7
23. Rxd4 $16 {And with the two bishops and Black's diabolically weak a1-h8
diagonal, Kasparov makes no mistakes.} f6 (23... Ne5 24. Qd2 Rfd8 (24... Rcd8 {
Ftacnik} 25. Nd5 Bxd5 26. Rxd5 Rfe8 27. Rd1 f6 28. Rxd6 $18) 25. Nd5 Bxd5 26.
Rxd5 Kg8 27. Rd1 $16) 24. Qd2 fxg5 25. Rxf8+ Rxf8 26. Rxd6 $1 {An important
pawn to capture as Black's only hope of blunting the bishop on b2 is to secure
the e5 square.} (26. hxg5 $16 {Ftacnik}) 26... Ne5 27. Rxb6 (27. hxg5 {Ftacnik}
Qc7 $16 (27... Nf3 {Boensch} 28. Rd7 Qe5 29. Bxf3 Rxf3 30. Rd8+ Ne8 31. Nd1 $18
)) 27... gxh4 (27... Qc7 {Ftacnik} 28. Qd6 Qxd6 29. Rxd6 gxh4 30. Nd5 Nf7 31.
Rb6 $16) 28. Nd5 Bxd5 29. Qxd5 {And now Black can only cling on to e5 for a
short time before White comes crashing through.} Re8 (29... h3 {Ftacnik} 30.
Qxe5 hxg2+ 31. Kxg2 Qxe5 32. Bxe5 $18) 30. Bh3 (30. Bxe5 {Ftacnik} Qxe5 31.
Qxe5 Rxe5 32. Rxa6 $18) 30... Qc7 (30... Qg5 {Ftacnik} 31. Re6 Rxe6 32. Bxe6
$18) 31. Re6 $1 Rxe6 (31... Nxe6 {Ftacnik} 32. Bxe6 $18) 32. Bxe6 Nc6 33. Qg5 (
33. Bd7 {Ftacnik} Qf4 $1 $132) (33. Qd7 {Boensch Das Endspiel gewinnt leicht.}
Qxd7 34. Bxd7 Nb4 (34... Nb8 35. Be6 h5 36. b4 Kh7 37. Bf7 $18) 35. c4 Nd3 36.
Bd4 $18) 33... Qd6 (33... Qg3 {Ftacnik} 34. Qxg3 hxg3 35. Kg2 $18) (33... Nb4 {
Ftacnik} 34. Qf6 $18) 34. Bd5 Nb4 35. Qf6 Qxf6 36. Bxf6 Nxc2 (36... Nxd5 {
Ftacnik} 37. exd5 Kg8 38. Bxg7 Kxg7 39. b4 Kf6 40. b5 axb5 41. a5 $18) 37. Bc3
h6 38. b4 Kh7 39. b5 axb5 40. axb5 Nh5 (40... Ne8 {Ftacnik} 41. b6 Nd6 42. e5
$18) 41. b6 Ng3+ 42. Kh2 {An almost effortless win by the World Champion and
one which compliments his own deep understanding of the Sicilian from both
sides.} 1-0

[Event "Riga Tal Memorial"]
[Site "Riga"]
[Date "1995.??.??"]
[Round "2"]
[White "Kasparov, Garry"]
[Black "Timman, Jan H"]
[Result "1-0"]
[WhiteElo "2805"]
[BlackElo "2635"]
[Annotator "Rogers,I"]
[PlyCount "43"]
[EventDate "1995.04.??"]
[EventType "tourn"]
[EventRounds "11"]
[EventCountry "LAT"]
[EventCategory "17"]
[SourceTitle "CBM 047"]
[Source "ChessBase"]
[SourceDate "1995.08.01"]
[SourceVersion "1"]
[SourceVersionDate "1995.08.01"]
[SourceQuality "1"]

1. d4 d5 2. c4 c6 3. Nf3 Nf6 4. Nc3 dxc4 5. a4 Bf5 6. Ne5 Nbd7 7. Nxc4 Nb6 {
A somewhat passive line, suitable only for a player wishing to grovel for a
draw.} (7... Qc7 {/\8...e5, is a more entertaining plan.}) 8. Ne5 Nbd7 $2 {
This, however, is an extraordinary piece of carelessness which hands the game
to Kasparov on a plate.} ({Timman, who understands the intricacies of the Slav
Defence better than most, probably learned more than 20 years ago that Black
must play} 8... e6 {before continuing to chase White's knight. The text move
simply loses a pawn.}) 9. Qb3 $1 Nxe5 {In view of the double attack against b7
and f7, Black has no choice.} 10. dxe5 Ng4 11. Qxb7 Nxe5 12. f4 Ng6 13. e4 $1 (
{Even better than} 13. Qxc6+ {- now Black's pieces are pushed into oblivion.})
13... Bd7 14. f5 Ne5 15. Bf4 f6 16. Bxe5 fxe5 17. Rd1 Rb8 18. Qxa7 Rb4 ({
White again threatened 19.Rxd7 and on} 18... Rxb2 19. Bc4 {/\20.Rxd7! wins.})
19. Be2 g6 20. Rf1 $1 Bg7 21. fxg6 Rd4 ({If} 21... hxg6 {White wins easily with
} 22. Rxd7 $1 Qxd7 23. Qa8+ Qd8 24. Qxc6+ Qd7 25. Qxg6+) 22. Bh5 1-0

[Event "Riga Tal Memorial"]
[Site "Riga"]
[Date "1995.??.??"]
[Round "5"]
[White "Jussupow, Artur"]
[Black "Kasparov, Garry"]
[Result "0-1"]
[WhiteElo "2660"]
[BlackElo "2805"]
[Annotator "Stohl,I"]
[PlyCount "74"]
[EventDate "1995.04.??"]
[EventType "tourn"]
[EventRounds "11"]
[EventCountry "LAT"]
[EventCategory "17"]
[SourceTitle "CBM 047"]
[Source "ChessBase"]
[SourceDate "1995.08.01"]
[SourceVersion "1"]
[SourceVersionDate "1995.08.01"]
[SourceQuality "1"]

1. d4 {Ftacnik} Nf6 2. Nf3 g6 3. Bg5 Bg7 4. c3 O-O 5. Nbd2 d6 6. e4 c5 $5 (6...
h6 7. Bh4 Nbd7 8. Bc4 e5 9. O-O c6 10. dxe5 dxe5 11. a4 a5 12. Qc2 Qc7 13. Ne1
Nc5 14. f3 b5 $1 15. axb5 cxb5 16. Be2 Bd7 17. Bf2 Ne6 18. g3 Rfc8 19. Qd1 Rd8
20. Nd3 Bf8 21. Qc1 Nc5 22. Rd1 Be6 $15 {Zichichi,A-Chandler,M/Thessaloniki
olm/1984/ Black's pieces are more active, also White's King is somewhat
insecure.}) 7. dxc5 (7. d5 h6 8. Bh4 e6 $10) 7... dxc5 8. Be2 {In this type of
positions the e5 and c4 squares are very important. If White can occupy c4
with a minor piece and (or) advantageously advance his e-pawn, he will be
better.} (8. Bc4 Nc6 9. O-O h6 10. Be3 b6 11. h3 Bb7 12. Qc2 e5 $6 13. Rfd1 Qe7
14. Nh2 Nd4 15. Qb1 Rfd8 16. f3 Nc6 17. Ng4 Kh7 18. Nxf6+ Bxf6 19. Bd5 Kg7 20.
a4 Rd7 21. Nc4 Rad8 22. Qc2 Bg5 23. Bf2 Qf6 24. Qb3 $14 {Plachetka,J-Wittmann,
W/AUT-chT 9495/1995/ Black has weakened his white squares by e5 and White has
placed his minor pieces on them (Nc4,Bd5)-he is better.}) 8... Nc6 9. O-O Qc7 (
9... b6 10. Qc2 Bb7 11. Rfe1 Qc7 12. Bf1 Ng4 13. Bh4 Rad8 14. Bg3 Nge5 15. a4
Qc8 16. Nxe5 Bxe5 17. f4 Bg7 18. Nc4 Qe6 19. a5 $6 (19. Bf2 Ba6 $13 {Black's
active position guarantees him sufficient counterplay, although he did not
manage to maintain his hold on e5.}) 19... b5 20. a6 Bxa6 $1 21. Rxa6 Nd4 22.
cxd4 Bxd4+ 23. Kh1 Qxa6 $36 {Kramnik,V-Shirov,A/Monaco rapid/1995/}) 10. Qc2 (
10. h3 Nh5 $5 $132) (10. Re1 b6 11. Qc2 Bb7 12. a4 Na5 $1 13. Bf1 c4 14. Rad1
e5 15. Nb1 h6 16. Bh4 Rad8 17. Nfd2 Bc8 18. Na3 Be6 19. f3 Rd7 20. Bf2 Rfd8 21.
Be2 Bf8 22. Nb5 Qb8 23. Nf1 Nb3 $15 {(),Zimmer,R-Tukmakov,V/Geneva op/1995/
The important push c5-c4 gives Black mo- re space on the Queen-side and a
lasting advantage.}) 10... Rd8 $1 $146 {A clever move, reserving the option to
develop the Bc8 either to b7, or e6.} (10... b6 11. Rfe1 (11. Bh4 {Ftacnik} Nh5
12. Rfd1 Bb7 13. Nc4 Nf4 14. Bf1 h6 15. Bg3 g5 16. Ne3 e6 17. Rd2 Rad8 18. Rad1
Rxd2 19. Rxd2 Rd8 20. Rxd8+ Qxd8 21. h4 Ne5 22. Nxe5 Bxe5 23. hxg5 Qxg5 24. Nc4
{Weise-Seidel/Würzburg op (7)/1987/0-1 (41)}) 11... h6 (11... Bb7 {Ftacnik} 12.
Bh4 Rad8 13. Nc4 Nh5 14. Ne3 Nf4 15. Bc4 Na5 16. Bf1 c4 17. Bg3 e5 18. b4 cxb3
19. axb3 Qc8 20. b4 Nc6 21. Qb3 h6 22. Nd5 Qb8 23. Rad1 Kh7 24. c4 {
Timoshchenko,G-Todorcevic,M/Palma GMA-op (8)/1989/0-1 (45)}) 12. Bh4 Nh5 13.
Nc4 (13. a4 {Ftacnik} Bb7 14. Nc4 g5 15. Bg3 Nxg3 16. hxg3 Rad8 17. Rad1 Rxd1
18. Rxd1 Rd8 19. Rxd8+ Qxd8 20. Nfd2 Ne5 21. Nxe5 Bxe5 22. Nc4 Bc7 23. Ne3 e6
24. Nc4 {Hug,W-Spasov,V/Moscow olm (11) SUI-BUL/1994/0.5 (59)}) 13... g5 14.
Bg3 Nxg3 15. hxg3 b5 16. Ne3 Rb8 17. Nd5 Qb7 18. Nd2 c4 19. f4 e6 20. Ne3 Qb6
21. Bf3 f5 $6 22. exf5 exf5 23. Bd5+ Kh8 24. Nf3 Ne7 25. Rad1 Nxd5 26. Rxd5 $14
{׻,Malaniuk,V-Nevednichy,V/JUG-chT Cetinje/1993/ White has strong central
con- trol, which outweighs the Black's Bishop pair. Also Black's King-side is
weak.}) (10... Be6 $5 11. Rfe1 h6 12. Bh4 Rad8 13. Bc4 Bxc4 14. Nxc4 Nh5 15. a4
Ne5 16. Nfxe5 Bxe5 17. Bg3 Nxg3 18. hxg3 Bg7 19. Rad1 Qc6 20. Qb3 Qe6 21. Rxd8
Rxd8 22. Qb5 a6 $10 {Kiselev,S-Timoschenko,G/Novosibirsk tt/1989/}) (10... Nh5
{Ftacnik} 11. Rfe1 (11. Nc4 Nf4 12. Ne3 Be6 13. Bxf4 Qxf4 14. g3 Qb8 15. Nd5
Bg4 16. Rfd1 Rd8 17. Ne3 Bd7 18. Rd5 e6 19. Rdd1 Qc7 20. h4 a6 21. h5 b5 22. a3
c4 23. hxg6 hxg6 24. Kg2 {Vlahov,D-Sale,S/CRO-chT Makarska (06)/1994/0-1 (38)})
11... Nf4 12. Bf1 h6 13. Bh4 Rb8 $6 14. Nc4 b5 15. Ne3 e6 16. a4 $1 a6 17. axb5
axb5 18. Red1 Nh5 19. Be2 f5 20. exf5 exf5 21. Ne1 Qf7 22. Bxh5 gxh5 23. Rd6
Ne5 24. Nd5 $16 {Pugachev,A-Ibragimov,I/Podolsk-chT/1993/1-0 (27)}) (10... h6
$5 {Ftacnik} 11. Bh4 Nh5 12. Rfe1 g5 (12... a6 13. a4 Rb8 14. Nc4 g5 15. Bg3
Nxg3 16. hxg3 b5 17. axb5 axb5 18. Ne3 e6 19. Rad1 b4 20. Nc4 Ba6 21. Nfd2 Rfd8
22. Bf1 Rd7 23. Nb3 Rxd1 24. Rxd1 {DeMaertelaere,J-Ulfarsson,MO/Bratislava
WchJM-U18 (03)/1993/0.5 (73)}) (12... Be6 13. Bf1 Rad8 14. Nc4 Rd7 15. Red1
Rfd8 16. Rxd7 Rxd7 17. Ne3 Ne5 18. Nxe5 Bxe5 19. Bg3 Nxg3 20. hxg3 c4 21. a4
Qc5 22. Qe2 a6 23. f4 Bb8 24. Re1 {Kiselev,S-Yurtaev,L/URS-OT56 Barnaul/1988/
0-1 (48)}) 13. Bg3 Nxg3 14. hxg3 b6 15. Bc4 e6 {Maiwald,J-Itkis,B/Bucharest
Ciocaltea (13)/1994/0.5 (15)}) 11. Rfe1 (11. a4 $13 {White keeps omitting this
typical move until it's too late.}) 11... h6 12. Bh4 (12. Be3 b6 (12... Ng4 13.
Bxc5 b6 14. Ba3 Nd4 15. Qc1 Nxe2+ 16. Rxe2 $14) 13. h3 Nh5 $10) 12... Nh5 $1
13. Nc4 Be6 $1 14. Ne3 (14. a4 $5 {This was the last chance to prevent b5.} Nf4
15. Bf1 g5 16. Bg3 Bxc4 17. Bxc4 Ne5 18. Nxe5 Bxe5 $10) 14... Nf4 15. Bf1 (15.
Bc4 Bxc4 16. Nxc4 b5 {/\c4(),><d3 This position is very pleasant for Black,
his Knight on d3,covered by c4 will be very strong.}) 15... Ne5 (15... a6 {
Ftacnik} 16. a4 Ne5) 16. Nxe5 Bxe5 17. Nc4 (17. a4 c4 $1 $36) 17... Bxc4 18.
Bxc4 b5 $5 19. Bf1 {Black achieved a mayor strategical success with 18...b5!,
so White should have accepted the pawn sacrifice. Now Yusupov will be slightly
worse.} (19. Bxb5 $5 c4 20. Bg3 (20. Red1 Nd3 21. Bg3 Bxg3 22. hxg3 Rab8 $17 (
22... Rab8 23. a4 a6 24. Rxd3 Rxd3 $1 25. Bxa6 Rbd8 $17)) 20... Nd3 (20... Rab8
21. a4 Nd3 22. Bxe5 Qxe5 23. Re3 $14 {/\} (23. Bxc4 $2 Rxb2) 23... a6 $2 (23...
Nxb2 $1 {Ftacnik} 24. Qxb2 a6 25. Qb4 (25. Rb1 axb5 26. axb5 Rxb5 $1) 25...
axb5 26. axb5 Qxb5 27. Qxe7 Qa5 28. Rae1 Rd3 $44) 24. Bxc4 Rxb2 25. Qd1 $18 (
25. Qd1 Qf4 26. Rf3 $16)) 21. Bxe5 Qxe5 22. Bxc4 Nxe1 23. Rxe1 $10) 19... c4 {
Black controls the important e5 and c4 squares.} 20. Red1 Nh5 21. Bg3 Nxg3 22.
hxg3 Qb6 $15 {^- Black is better, because his Bishop is more active, also
White's king-side is compromised.} 23. a4 a6 (23... Bxg3 $6 24. axb5 $13 {xc4})
24. axb5 axb5 25. Rxa8 Rxa8 26. g4 (26. Kh1 g5 27. Qd2 Bc7 $15) 26... e6 27.
Be2 Ra2 28. Kf1 Bb8 $1 {/\Ba7} 29. Qd2 Kg7 (29... Ba7 30. Qd8+ Qxd8 31. Rxd8+
Kg7 32. Rd2 $10) 30. g5 (30. Qd4+ {Ftacnik} Qxd4 31. Rxd4 Rxb2 $17) 30... h5
31. g3 Be5 32. Qd7 (32. f4 $2 {׻ White can't afford to weaken his King even
more.} Bb8 33. Bf3 Ba7 34. Kg2 Qe3 $1 35. Qxe3 (35. e5 b4 $1 36. cxb4 c3 $19) (
35. Qd8 {Ftacnik} Qxc3 36. Rd2 (36. e5 $4 Qxb2+ $19) 36... Be3 $1 (36... Rxb2
$4 37. Qf6+ $18) 37. Re2 Qd4 38. Qe7 Bc1 39. e5 Rxb2 40. Qf6+ Kg8 $19) 35...
Bxe3 36. Rb1 b4 $1 37. Kh3 (37. cxb4 c3 $19) 37... bxc3 38. bxc3 Rc2 $17) 32...
Ra8 (32... Rxb2 $2 33. Qe7 {/\Rd8,Rd7+- would turn the tables, Black suddenly
has no defence.}) 33. Qe7 $138 (33. Qd2 {Black would still have to find a way
to increase his slight advantage.}) (33. Qd2 $5 {Ftacnik}) 33... Ra7 34. Qe8 $2
{Only this is a serious mistake.After the exchange of Rooks Black would be
only optically better.} (34. Rd7 $1 Rxd7 35. Qxd7 b4 (35... Bb8 36. Qd2 (36.
Qd4+ {Ftacnik} Qxd4 37. cxd4 Ba7 38. d5 e5 39. d6 Kf8 40. f4 Bd4 41. b3 cxb3
42. Bxb5 b2 43. Bd3 Ke8 44. Ke2 Kd7 $17) 36... Ba7 37. Bd1 $10) 36. cxb4 $1 (
36. Bxc4 bxc3 37. bxc3 (37. b3 Kf8 $1 38. f4 h4 39. fxe5 (39. gxh4 Bxf4 40. Qd3
Be5 $17) 39... hxg3 $19) 37... Qb1+ $19 (37... Qb1+ 38. Kg2 Qxe4+ $19)) (36.
Qd2 bxc3 37. bxc3 Qb3 $17) (36. f4 bxc3 37. bxc3 Bxc3 38. Bxc4 Qb1+ $40) 36...
Qxb4 (36... Bd4 37. Bxc4 Bxf2 38. Bxe6 $1 $18) 37. Qc6 $10) 34... Bd6 $1 35.
Kg2 (35. e5 $5 Re7 $1 (35... Bxe5 $2 36. Rd8) (35... Qb7 36. Kg1 Ra8 $2 37.
Qxa8 Qxa8 38. exd6 Qd8 39. d7 e5 40. Bf3 $18) (35... Be7 36. Bf3 $1 (36. f4 $2
Qe3 $1) 36... Bxg5 37. Rd6 Qc5 38. Rc6 $1 Qxe5 $2 39. Rc8 Ra1+ 40. Kg2 Kf6 41.
Qd8+ Kf5 42. Qf8 $1 Kf6 (42... Qf6 43. Rc7) (42... Qe1 43. g4+ $1 hxg4 44.
Qxf7+ Bf6 45. Rc5+ e5 46. Qd7+ Kg5 47. Qxg4+ Kh6 48. Qh3+ Kg5 49. Kg3 Bd8 50.
Qh4+ Kf5 51. Qf4+ Ke6 52. Rc6+ $18) 43. g4 $3 hxg4 44. Qh8+ Kf5 45. Bxg4+ Kf4
46. Qh2+ Ke4 47. f3+ Kd5 48. Rc5+ $18) 36. Qc8 (36. Rxd6 Qxd6 37. Qxb5 Qd5 38.
Qxd5 (38. Bxc4 Qh1+ 39. Ke2 Rb7 $19) 38... exd5 39. f4 Rb7 40. Bf3 Rxb2 (40...
Rb5 $1 $19 {Ftacnik}) 41. Bxd5 Rc2 $19) 36... Bxe5 $17 (36... Bxe5 37. Rd8 Rc7
38. Rg8+ Kh7 39. Qf8 Ra7 40. Bf3 $1 Qa5 41. Kg2 $15)) 35... Be7 36. Rh1 $2 {
A typical time-trouble move, which costs White his Queen.} (36. Bf3 $8 Bxg5 $17
) (36. f4 Qe3 37. Bf3 b4 $1 38. cxb4 c3 $19) (36. Bf3 $1 $15 {Ftacnik}) 36...
Qb7 $1 37. Bf3 Ra8 (37... Ra8 38. e5 $8 Qxf3+ 39. Kxf3 Rxe8 $19) 0-1

[Event "Riga Tal Memorial"]
[Site "Riga"]
[Date "1995.??.??"]
[Round "7"]
[White "Vaganian, Rafael A"]
[Black "Kasparov, Garry"]
[Result "0-1"]
[WhiteElo "2640"]
[BlackElo "2805"]
[Annotator "Ribli,Z"]
[PlyCount "70"]
[EventDate "1995.04.??"]
[EventType "tourn"]
[EventRounds "11"]
[EventCountry "LAT"]
[EventCategory "17"]
[SourceTitle "CBM 047"]
[Source "ChessBase"]
[SourceDate "1995.08.01"]
[SourceVersion "1"]
[SourceVersionDate "1995.08.01"]
[SourceQuality "1"]

1. Nf3 {Ftacnik} Nf6 2. c4 g6 3. g3 Bg7 4. Bg2 O-O 5. Nc3 d6 6. O-O e5 7. d3
Re8 8. Rb1 (8. Nd2 c6 9. Nde4 Nxe4 10. dxe4 a6 11. a4 a5 12. Be3 Na6 13. Qd2
Be6 14. b3 Nc5 $13 {Skembris,S-Yurtaev,L/Moscow olm/1994/EXP44/INF62,19/}) 8...
a5 9. a3 c6 10. b4 (10. Nd2 Be6 (10... d5 $5) (10... Nh5 {Ftacnik} 11. b4 axb4
12. axb4 Nd7 13. b5 Qc7 14. bxc6 bxc6 15. Nb5 cxb5 16. Bxa8 Nb6 17. Bf3 bxc4
18. Nxc4 Nxc4 19. dxc4 f5 20. Bd5+ Kh8 21. Qa4 Rf8 22. Qc6 Qxc6 23. Bxc6 Be6
24. Bb5 {Schaller,S-Uhlemann,AC/Dresden op/1992/1-0 (38)}) 11. b4 axb4 12. axb4
d5 13. e4 d4 $6 14. Na4 Nbd7 15. c5 Qc7 16. Nc4 $14 {Foisor,C-Arakhamia,K/
Tilburg ctW/1994/EXP43/}) (10. Bg5 {Ftacnik} h6 11. Bxf6 Bxf6 12. Nd2 (12. b4
axb4 13. axb4 d5 14. cxd5 cxd5 15. d4 e4 16. Ne1 Be6 17. e3 h5 18. f3 Bg5 19.
Nc2 Qc7 20. Rb3 exf3 21. Bxf3 Qc4 22. Qb1 Nd7 23. Ne2 Nb6 24. Rc3 {Siekanski,
J-Smirin,I/Polanica Zdroj (10)/1989/0-1 (39)}) 12... Bg7 13. Qc2 Be6 14. b4
axb4 15. axb4 d5 16. b5 Ra3 17. bxc6 bxc6 18. cxd5 cxd5 19. Nb5 Ra5 20. Nc7 Re7
21. Nxe6 Rxe6 22. Rfc1 Na6 23. Qc8 Rd6 24. Nf1 {Shalamberidze-Nesterov/Ml.
Boleslav op/1993/1-0 (43)}) (10. e4 {Ftacnik} h6 11. Re1 Be6 12. b4 axb4 13.
axb4 Nbd7 14. Bb2 Nh7 15. Qc2 Ng5 16. Nxg5 hxg5 17. Ra1 Rb8 18. Ne2 g4 19. Rad1
Qg5 20. Qc1 Qh5 21. d4 exd4 22. Nf4 Qh8 23. Nxe6 Rxe6 24. Qa1 {Wegerer,
F-Robovic,S/Muenchen op9293 (08)/1992/0-1 (64)}) 10... axb4 11. axb4 d5 (11...
Na6 {Ftacnik} 12. b5 Nc5 13. Be3 e4 14. Nd4 Ng4 15. bxc6 Nxe3 16. fxe3 bxc6 17.
Nxe4 Nxe4 18. Bxe4 Bh3 19. Rf2 Rc8 20. Nxc6 Qg5 21. Bd5 Qxe3 22. Qc1 Qxc1+ 23.
Rxc1 Rc7 24. e4 {Apro,A-Kopasz,R/Portal Kupa Szeged op (2)/1993/0-1 (74)}) 12.
cxd5 cxd5 13. Bg5 Be6 $1 $10 {Kasparov hat die Eroeffnung zufriedensstellend
geloest.} 14. e4 (14. Nxe5 $4 Qc7 $19) 14... d4 15. Nd5 Nbd7 (15... Bxd5 {
Ftacnik} 16. exd5 Qxd5 17. Nd2 Qb5 (17... Qd7 18. Qf3) 18. Bxf6 $1 (18. Qf3 $2
e4 $1) 18... Bxf6 19. Qf3 Ra2 20. Nc4 Qc6 21. b5 Qxf3 22. Bxf3 Re7 23. Ra1 Rxa1
24. Rxa1 $36) 16. Nxf6+ (16. Bxf6 {Ftacnik} Nxf6 17. Nxf6+ Bxf6 18. Nd2) (16.
Nd2 $5 {Ftacnik}) 16... Bxf6 (16... Nxf6 $2 {Ftacnik} 17. Nxe5 $16) 17. Bxf6
Qxf6 18. Qd2 Kg7 (18... Rec8 {Ftacnik}) 19. Ne1 g5 $5 {Ungewoehnlich aber gut.}
(19... Ra2 {Ftacnik} 20. Rb2 Rxb2 21. Qxb2 Qe7 22. f4 f6 $13) 20. f4 gxf4 21.
gxf4 Qh6 $1 22. Qf2 (22. Nf3 $2 Ra2 23. Rb2 Rxb2 24. Qxb2 Qxf4 $19) (22. Rf2 {
Ftacnik} Ra2) 22... f6 23. Rc1 Kh8 24. Rc7 Ra2 25. Rc2 (25. Nc2 {Ftacnik} Rg8
$36) 25... Ra1 26. Rc7 {Weiss hoffte auf 26...Ra2 27.Rc2 Ra1 28.Rc7 mit
Zugwiederholung.} (26. f5 $5 {Ftacnik} Bb3 27. Rc7) 26... exf4 27. Rxd7 (27.
Qxd4 Rxe1 $1 (27... Rea8 {Ftacnik} 28. Rxb7 Ne5 $40) 28. Rxe1 Ne5 $44 {
Kasparov droht /\ mit f3 oder mit Rg8. Schwarz hat mehr als genuegend
Kompensa- tion fuer die geopferte Qualitaet.}) (27. Nc2 {Ftacnik} Rxf1+ 28.
Qxf1 Ne5 $13) 27... f3 $6 (27... Bxd7 28. Qxd4 Rxe1 (28... Rea8 {Ftacnik} 29.
Qxd7 f3 $1 30. Qd4 (30. Nxf3 Qe3+ 31. Kh1 Rxf1+ 32. Bxf1 Qxf3+ $19) 30... fxg2
31. Nxg2 Rxf1+ 32. Kxf1 Qc1+ $17) 29. Rxe1 Rg8 30. Kh1 $13) 28. Qxd4 $1 (28.
Rxb7 $2 fxg2 29. Nxg2 Rxf1+ 30. Kxf1 Bh3 $19) (28. Rxd4 $2 fxg2 29. Nxg2 Rxf1+
30. Kxf1 Bh3 31. Ke2 Ra8 $19) 28... fxg2 (28... Rxe1 $6 29. Rxe1 Qg5 30. Qf2
Bxd7 31. Qxf3 $16) (28... Bxd7 {Ftacnik} 29. Qxa1 $18) 29. Nxg2 $2 {Verliert
die Qualitaet und auch die Partie.} (29. Rxf6 $1 {Vaganian konnte die Partie
mit diesem schoenen Zug mehr als retten.} Rxe1+ 30. Rf1+ $1 Kg8 31. Rxe1 Bxd7 (
31... Qg5 {Vielleicht kann man mit diesem Zug noch im trueben fischen.}) 32.
Qxd7 Rf8 33. Qg4+ (33. Qd5+ {Ftacnik} Kh8 34. Qd4+ Kg8 35. Re3 $1 $18) 33...
Kh8 34. Qe2 $1 $16) 29... Rxf1+ 30. Kxf1 Qc1+ 31. Kf2 (31. Ne1 {Ftacnik} Qf4+
32. Ke2 Bg4+ $19) 31... Bxd7 32. Qxd7 Rg8 33. Qh3 Qd2+ 34. Kf1 Qxb4 35. Qe3 Qb2
{Ribli} 0-1